| 000 | 01271nam a2200325 a 4500 | ||
|---|---|---|---|
| 001 | 000006483 | ||
| 005 | 20260527074041.0 | ||
| 008 | 090831s2003 dr 000 0 spa d | ||
| 040 |
_aDO-SdBNP _bspa _cBNPHU |
||
| 082 |
_a324.64 _bS623 e |
||
| 245 | 0 | 0 |
_aSistema electoral y partidos políticos / _cRafael Toribio ...[et al.]; presentación Thomas Manz ; coordinadora Jacqueline Jiménez Polanco. |
| 260 |
_aSanto Domingo : _bFundación Friederich Ebert Stifrung, _c2003. |
||
| 300 |
_a79 cm. ; _c22 cm. |
||
| 490 | 1 |
_aPolítica y ciudadanía _v1 |
|
| 500 | _aIncluye referencias bibliográficas y notas al pie de las páginas | ||
| 650 | 0 |
_aParticipación política _9456 |
|
| 650 | 0 |
_aPartidos políticos _zRepública Dominicana _9285 |
|
| 650 | 4 |
_aElecciones _zRepública Dominicana _92992 |
|
| 651 | 0 |
_aRepública Dominicana _xPolítica y gobierno _945 |
|
| 700 | 1 | 2 |
_aToribio, Rafael _916492 |
| 700 | 1 | 2 |
_aDuarte, Isis _92123 |
| 700 | 1 | 2 |
_aCastillo, José del _92145 |
| 700 | 1 | 2 |
_aCatraín, Pedro _917959 |
| 700 | 1 | 2 |
_aArtiles, Leopoldo _917960 |
| 700 | 1 | 2 |
_aPérez Nuñez, César _917961 |
| 700 | 1 | 2 |
_aJiménez Polanco, Jacqueline, _ecoord. _92351 |
| 830 | 0 |
_aPolítica y ciudadanía _n1 _917962 |
|
| 910 | _aValidado. Control de calidad. MFF | ||
| 049 | _aBNPD | ||
| 999 |
_c6274 _d6274 |
||